000 00952cam a2200277 i 4500
001 3193981
003 OSt
005 20211122090536.0
008 770713s1977 nyuaf 001 0aeng
010 _a 77021876
020 _a0671227513
040 _aDLC
_cHU
_dDLC
043 _an-us-ny
050 0 0 _aHV7911.M89
_bA32
082 0 0 _a363.2/092/4
_aB
100 1 _aMurphy, Patrick V.,
_d1920-2011.
_919611
245 1 0 _aCommissioner :
_ba view from the top of American law enforcement /
_cby Patrick V. Murphy and Thomas Plate.
260 _aNew York :
_bSimon and Schuster,
_cc1977.
300 _a280 p., [8] leaves of plates :
_bill. ;
_c25 cm.
500 _aIncludes index.
600 1 0 _aMurphy, Patrick V.,
_d1920-2011.
_919611
650 0 _aPolice chiefs
_zNew York (State)
_zNew York
_vBiography.
_919612
700 1 _aPlate, Thomas Gordon,
_ejoint author.
_919613
906 _a7
_bcbc
_corignew
_d1
_eocip
_f19
_gy-gencatlg
942 _2ddc
_cBOOKS
_n0
999 _c19353
_d19353